000 00816nam a2200217Ia 4500
001 11504
003 GE_BSU
008 181216s||||||||xx |||||||||||||| ||und||
040 _cGE_BSU
080 _a634.3:631.527
100 _aჯაბნიძე,რეზო.
245 _aნარინჯოვანთა განოყიერების მეცნიერული საფუძვლები.
245 _cრედ:მამია გოგოლიშვილი.
260 _aბათუმი.
260 _bალიონი.
260 _c2000.
300 _a420გვ;20სმ.
300 _eილ;ცხრ.
653 _aნარინჯოვანთა განოყიერების მეცნიერული საფუძვლები.
942 _cBK
999 _c44699
_d44699